01580nam a2200193 a 450000500170000000800410001704000120005804100080007010000240007824500560010226001130015830000100027152009720028165000270125365000190128065000370129965000240133670000260136020200104041553.0141201b xxu||||| |||| 00| 0 spa d cCO-BoIH aspa aDevenish, Christian aCartilla educativa para Río Blancobinforme final aManizalesbInstituto Alexander von HumboldtbCotingabFundación Ecológica Grabriel Arango Restrepoc2005 a41 p. aLa educación ambiental tiene por finalidad crear interés en la historia natural y en la conservación, y provocar cambios de opinión. El proyecto tuvo como resultado: 1) la publicación de material pedagógico, por medio de una herramienta práctica y útil en forma de un libro de actividades, fichas informativas, hojas de trabajo, reseñas y dibujos de aves amenazadas y más comunes de la Reserva Hidrográfica, Forestal y Parque Ecológico Río Blanco, localizada a 3 km del casco urbano de Manizales, departamento de Caldas, y un DC con los cantos de las avés de la Reserva; 2) la sensibilización de estudiantes y usuarios de la Reserva sobre la importancia de la conservación de la biodiversidad; 3) la participación de docentes y estudiantes en la elaboración del libro; 4) una herramienta de educación ambiental. El desarrollo del proyecto coincidió con la conmemoración de los primeros cien años de existencia de la Reserva aEducación ambiental  aOrnitología  aBiología de la conservación  aEspecies amenazadas aArzuza Buelvas, Diana